British Journal of Social Work

Uložené v:
Podrobná bibliografia
Médium: Seriál
Jazyk:English
Vydavateľské údaje: Oxford Oxford University Press
Tagy: Pridať tag
Žiadne tagy, Buďte prvý, kto otaguje tento záznam!

MARC

LEADER 00000nas1a2200000 4500
001 0269918
005 20250701092109.9
022 |a 1468-263X 
022 |a 0045-3102 
041 0 |a eng 
044 |a GB 
245 1 0 |a British Journal of Social Work 
264 1 |a Oxford  |b Oxford University Press